NUMERICAL ANALYSIS (Record no. 14012)
[ view plain ]
| 000 -LEADER | |
|---|---|
| fixed length control field | 00452cam a2200193ua 4500 |
| 008 - FIXED-LENGTH DATA ELEMENTS--GENERAL INFORMATION | |
| fixed length control field | 060101n II |||gr||||Z||||||eng |
| 020 ## - INTERNATIONAL STANDARD BOOK NUMBER | |
| International Standard Book Number | 81-7381-520-8 |
| 040 ## - CATALOGING SOURCE | |
| Original cataloging agency | MAIN |
| 041 ## - LANGUAGE CODE | |
| -- | English |
| 082 ## - DEWEY DECIMAL CLASSIFICATION NUMBER | |
| Classification number | 515 MUK |
| 100 ## - MAIN ENTRY--PERSONAL NAME | |
| Personal name | MUKHERJEE , KAYLAN KR . . |
| 245 ## - TITLE STATEMENT | |
| Title | NUMERICAL ANALYSIS |
| 250 ## - EDITION STATEMENT | |
| Edition statement | 2ND. |
| 260 ## - PUBLICATION, DISTRIBUTION, ETC. | |
| Place of publication, distribution, etc. | KOLKATA: |
| Name of publisher, distributor, etc. | NEW CENTRAL BOOK AGENCY., |
| Date of publication, distribution, etc. | 2006. |
| 300 ## - PHYSICAL DESCRIPTION | |
| Extent | 292: |
| Dimensions | 21CM. |
| 942 ## - ADDED ENTRY ELEMENTS (KOHA) | |
| Koha item type | Books |
| 653 ## - INDEX TERM--UNCONTROLLED | |
| Uncontrolled term | Analysis |
| Withdrawn status | Lost status | Damaged status | Not for loan | Collection code | Home library | Current library | Shelving location | Date acquired | Full call number | Barcode | Date last seen | Copy number | Price effective from | Koha item type | Public note | Source of classification or shelving scheme | Total Checkouts | Date last checked out |
|---|---|---|---|---|---|---|---|---|---|---|---|---|---|---|---|---|---|---|
| TBMAT | Central Library and Information Centre Sibsagar Girls College | Central Library and Information Centre Sibsagar Girls College | MATHEMATICS BOOK RACK | 08.04.2007 | 515 MUK | 22800 | 27.02.2020 | 1 | 27.02.2020 | Books | V | |||||||
| TBMAT | Central Library and Information Centre Sibsagar Girls College | Central Library and Information Centre Sibsagar Girls College | MATHEMATICS BOOK RACK | 08.04.2007 | 515 MUK | 22801 | 27.02.2020 | 2 | 27.02.2020 | Books | V | |||||||
| TBMAT | Central Library and Information Centre Sibsagar Girls College | Central Library and Information Centre Sibsagar Girls College | MATHEMATICS BOOK RACK | 28.08.2017 | 515 MUK | 40235 | 06.02.2024 | 02.05.2023 | Books | V | Dewey Decimal Classification | 1 | 02.02.2024 | |||||
| TBMAT | Central Library and Information Centre Sibsagar Girls College | Central Library and Information Centre Sibsagar Girls College | MATHEMATICS BOOK RACK | 28.08.2017 | 515 MUK | 40236 | 02.05.2023 | 02.05.2023 | Books | V | Dewey Decimal Classification | |||||||
| TBMAT | Central Library and Information Centre Sibsagar Girls College | Central Library and Information Centre Sibsagar Girls College | MATHEMATICS BOOK RACK | 28.08.2017 | 515 MUK | 40237 | 02.05.2023 | 02.05.2023 | Books | V | Dewey Decimal Classification | |||||||
| REFMAT | Central Library and Information Centre Sibsagar Girls College | Central Library and Information Centre Sibsagar Girls College | 28.08.2017 | 515 MUK | 40238 | 02.05.2023 | 02.05.2023 | Books | Dewey Decimal Classification | |||||||||
| TBMAT | Central Library and Information Centre Sibsagar Girls College | Central Library and Information Centre Sibsagar Girls College | MATHEMATICS BOOK RACK | 28.08.2017 | 515 MUK | 40239 | 02.05.2023 | 02.05.2023 | Books | V | Dewey Decimal Classification |